Management Information Systems : For the Information Age. (Record no. 3872)

MARC details
005 - DATE AND TIME OF LATEST TRANSACTION
control field 20250612135342.0
020 ## - INTERNATIONAL STANDARD BOOK NUMBER
International Standard Book Number 0-07-293586-3
082 ## - DEWEY DECIMAL CLASSIFICATION NUMBER
Classification number LECT 658.403 HAA
100 ## - MAIN ENTRY--PERSONAL NAME
Author name HAAG, S.
245 ## - TITLE STATEMENT
Title Management Information Systems : For the Information Age.
250 ## - EDITION STATEMENT
Edition statement 5th Ed.
260 ## - PUBLICATION, DISTRIBUTION, ETC.
Place of publication, distribution, etc. New York,
Name of publisher, distributor, etc. McGraw-Hill,
Date of publication, distribution, etc. 2005.
300 ## - PHYSICAL DESCRIPTION
Extent xxxiii, 554p.: ill.; figure, picture, table
Other physical details Glossary & Index
Dimensions 28cm.
700 ## - ADDED ENTRY--PERSONAL NAME
Other authors/Editors CUMMINGS, M. & McCUBBREY, D. J.
856 ## - ELECTRONIC LOCATION AND ACCESS
Link text Access Online Book
Electronic name Management Information Systems
Path www.mhhe.com/haag
942 ## - ADDED ENTRY ELEMENTS (KOHA)
Source of classification or shelving scheme Dewey Decimal Classification
Koha item type Books
Holdings
Date last seen Total checkouts Full call number Barcode Cost, replacement price Price effective from Koha item type Lost status Source of classification or shelving scheme Damaged status Not for loan Withdrawn status Home library Current library Shelving location Date acquired Cost, normal purchase price
06/26/2025   658.05HAA DOM0001422 180000.00 06/26/2025 Books   Dewey Decimal Classification       CBE Dodoma CBE Dodoma General Collection 11/28/2014 6000.00
06/26/2025   658.05HAA DOM0001292 180000.00 06/26/2025 Books   Dewey Decimal Classification       CBE Dodoma CBE Dodoma General Collection 11/28/2014 6000.00
06/26/2025   658.05HAA DOM0001393 180000.00 06/26/2025 Books   Dewey Decimal Classification       CBE Dodoma CBE Dodoma General Collection 11/28/2014 6000.00
06/26/2025   658.05HAA DOM0001423 180000.00 06/26/2025 Books   Dewey Decimal Classification       CBE Dodoma CBE Dodoma General Collection 11/28/2014 6000.00
06/27/2025   658.05 HAA DOM0002138 180000.00 06/27/2025 Books   Dewey Decimal Classification       CBE Dodoma CBE Dodoma General Collection 06/21/2014 60000.00
06/27/2025   658.05 HAA DOM0002139 180000.00 06/27/2025 Books   Dewey Decimal Classification       CBE Dodoma CBE Dodoma General Collection 06/21/2014 60000.00
06/27/2025   658.05HAA DOM0002435 180000.00 06/27/2025 Books   Dewey Decimal Classification       CBE Dodoma CBE Dodoma General Collection 11/28/2014 60000.00
06/28/2025   658.4 HAA DOM0002482 180000.00 06/28/2025 Books   Dewey Decimal Classification       CBE Dodoma CBE Dodoma General Collection 11/28/2014 60000.00
06/28/2025   658.403HAA DOM0002457 999999.99 06/28/2025 Books   Dewey Decimal Classification       CBE Dodoma CBE Dodoma General Collection 11/28/2014 60000.00
06/12/2025   LECT 658.403 HAA 00000012799 180000.00 06/12/2025 Books   Dewey Decimal Classification       College of Business Education Main Library College of Business Education Main Library General Collection 11/28/2014 60000.00